Spell the Marvel Character #292 - Statistics

General Stats
  • This quiz has been taken 12 times
  • The average score is 7 of 9
Answer Stats
Picture Answer % Correct
Captain Marvel
100%
Nightcrawler
92%
Nova
92%
Elektra
83%
Rocket Raccoon
83%
Nocturne
75%
Outlaw
67%
Thunderbird
42%
Ultragirl
33%
No matching quizzes found
Score Distribution
Percent of People with Each Score
Percentile by Number Answered
Your Score History
You have not taken this quiz